[Event "4NCL-9899A WG-IK"]
[Site "Rd11-Birmingham"]
[Date "1999.05.03"]
[Round "11.1"]
[White "Emms, John"]
[Black "McDonald, Neil"]
[Result "1-0"]
[WhiteElo "2573"]
[BlackElo "2454"]
[PlyCount "95"]
[EventDate "1999.05.03"]

1. e4 g6 2. d4 Bg7 3. Nf3 d6 4. Nc3 a6 5. Bc4 b5 6. Bb3 Bb7 7. O-O e6 8. Re1
Nd7 9. a3 c5 10. Bg5 Qc7 11. dxc5 dxc5 12. Qd2 c4 13. Ba2 h6 14. Bf4 e5 15. Nd5
Qd6 16. Rad1 Bxd5 17. Qxd5 Qxd5 18. exd5 f6 19. b3 cxb3 20. cxb3 Ne7 21. d6 Nc8
22. b4 Ncb6 23. Nh4 g5 24. Nf5 Bf8 25. Be3 Nc4 26. Rc1 Rc8 27. Bc5 h5 28. Bxc4
bxc4 29. Rxc4 Kf7 30. f3 Ke6 31. g4 hxg4 32. fxg4 Rh3 33. a4 Ra3 34. a5 Ra2 35.
Rec1 Rb2 36. R1c2 Rb3 37. R4c3 Rb1+ 38. Rc1 Rxc1+ 39. Rxc1 Nb8 40. Rd1 Nd7 41.
Rc1 Nb8 42. Kg2 Nc6 43. Rd1 Rd8 44. Rd3 Rd7 45. Rh3 Rf7 46. Rh8 Nb8 47. Nh6
Bxh6 48. Rxb8 1-0

[Event "4NCL-9899A WG-IK"]
[Site "Rd11-Birmingham"]
[Date "1999.05.03"]
[Round "11.3"]
[White "Ward, Chris"]
[Black "Ledger, Andrew"]
[Result "1/2-1/2"]
[WhiteElo "2482"]
[BlackElo "2459"]
[PlyCount "91"]
[EventDate "1999.05.03"]

1. d4 Nf6 2. c4 g6 3. f3 c5 4. d5 Bg7 5. Nc3 O-O 6. e4 d6 7. Nge2 e6 8. Ng3
exd5 9. cxd5 a6 10. a4 Nbd7 11. Be2 h5 12. Bg5 Qe8 13. Qd2 Nh7 14. Bh6 Qe5 15.
Bxg7 Qxg7 16. O-O h4 17. Nh1 Qd4+ 18. Qxd4 cxd4 19. Nb1 a5 20. Nd2 Nc5 21. Bb5
f5 22. Nf2 Nf6 23. Rfe1 fxe4 24. Nfxe4 Nfxe4 25. Nxe4 Nxe4 26. fxe4 h3 27. Rad1
hxg2 28. Kxg2 Bg4 29. Rxd4 Rf4 30. Rf1 Rxf1 31. Bxf1 Bd7 32. Kg3 Rc8 33. Bh3
Bxh3 34. Kxh3 Kf7 35. b4 b6 36. Kg4 Kf6 37. bxa5 bxa5 38. h4 Ke5 39. Rd1 Rc4
40. Kg5 Rxe4 41. Rh1 Rxa4 42. Kxg6 Rg4+ 43. Kf7 Rf4+ 44. Kg6 Rg4+ 45. Kf7 Rf4+
46. Kg6 1/2-1/2

[Event "4NCL-9899A WG-IK"]
[Site "Rd11-Birmingham"]
[Date "1999.05.03"]
[Round "11.4"]
[White "Bibby, Simon"]
[Black "Levitt, Jon"]
[Result "1/2-1/2"]
[WhiteElo "2210"]
[BlackElo "2427"]
[PlyCount "155"]
[EventDate "1999.05.03"]

1. e4 c5 2. c3 e6 3. d4 d5 4. exd5 exd5 5. Be3 cxd4 6. Bxd4 Nc6 7. Nf3 Nxd4 8.
Qxd4 a6 9. Nbd2 Nf6 10. Bd3 Be7 11. O-O-O O-O 12. Ne5 Qc7 13. Rhe1 b5 14. Kb1
Be6 15. Ndf3 h6 16. h3 Rfc8 17. Rc1 Rab8 18. Qe3 Ne4 19. Bxe4 dxe4 20. Qxe4 Qa5
21. b3 Ba3 22. Nc6 Rxc6 23. Qxc6 Bf5+ 24. Rc2 Bf8 25. Re4 Rc8 26. Qd5 Bxe4 27.
Qxe4 Rxc3 28. Rxc3 Qxc3 29. Qe3 Qc6 30. Qd3 Ba3 31. Qc2 Qxc2+ 32. Kxc2 Bc5 33.
Kd3 Bxf2 34. Ke4 g6 35. Kd5 f5 36. Ke6 Kg7 37. Ne5 h5 38. Nd3 Be3 39. a4 bxa4
40. bxa4 Bd2 41. a5 Kh6 42. Nc5 Bxa5 43. Nxa6 Kg5 44. Nc5 h4 45. Nd3 {
(Draw offer)} Bc3 46. Kd5 Kf6 47. Nc1 g5 48. Ne2 Be1 49. Kd4 Bf2+ 50. Kd5 Ba7
51. Nc1 Bb8 52. Ne2 Kg6 53. Ng1 Kh5 54. Ke6 Kg6 55. Kd5 Bg3 56. Ne2 Kf6 57. Ng1
Bh2 58. Ne2 Bc7 59. Ng1 Bb6 60. Ne2 Be3 61. Nc3 Bg1 62. Ne2 Bh2 63. Nc3 Bc7 64.
Ne2 Bd8 65. Ng1 Ba5 66. Ne2 Bb6 67. Nc3 Be3 68. Ne2 g4 69. hxg4 Kg5 70. gxf5
Kxf5 71. Nc3 Bh6 72. Ne2 Be3 73. Nc3 Bb6 74. Ne2 Ba7 75. Nc3 Kf4 76. Ne4 Be3
77. g3+ hxg3 78. Nxg3 1/2-1/2

[Event "4NCL-9899A WG-IK"]
[Site "Rd11-Birmingham"]
[Date "1999.05.03"]
[Round "11.5"]
[White "Littlewood, Paul"]
[Black "Farndon, David"]
[Result "1-0"]
[WhiteElo "2430"]
[BlackElo "2263"]
[PlyCount "73"]
[EventDate "1999.05.03"]

1. d4 Nf6 2. c4 g6 3. Nc3 Bg7 4. e4 d6 5. Nf3 O-O 6. Be2 c5 7. d5 e6 8. O-O Re8
9. Bg5 h6 10. Bh4 exd5 11. exd5 Qb6 12. Nd2 Bf5 13. g4 Rxe2 14. Qxe2 Bxg4 15.
f3 Bh3 16. Rfe1 Nbd7 17. Nde4 Nxe4 18. Nxe4 Re8 19. Qc2 Bf5 20. Rab1 Ne5 21.
Qe2 g5 22. Bg3 Bg6 23. Qg2 f5 24. Bxe5 Rxe5 25. Nc3 f4 26. Rxe5 Bxe5 27. Re1
Kg7 28. h4 Qd8 29. Qg4 gxh4 30. Kh2 Kh7 31. Qe6 Qe8 32. Qxe8 Bxe8 33. Ne4 Bh5
34. Nxc5 Bxb2 35. Nd3 Bd4 36. c5 Be3 37. cxd6 1-0

[Event "4NCL-9899A WG-IK"]
[Site "Rd11-Birmingham"]
[Date "1999.05.03"]
[Round "11.6"]
[White "Griffiths, Paul V"]
[Black "Pein, Malcolm"]
[Result "0-1"]
[WhiteElo "2200"]
[BlackElo "2425"]
[PlyCount "64"]
[EventDate "1999.05.03"]

1. c4 g6 2. Nc3 Bg7 3. g3 d6 4. Bg2 e5 5. Nf3 Ne7 6. d4 Nd7 7. O-O O-O 8. e4 h6
9. Be3 f5 10. dxe5 dxe5 11. Nd5 c6 12. Nxe7+ Qxe7 13. Qd2 Nb6 14. Rac1 Be6 15.
b3 Rfd8 16. Qe2 Qf6 17. exf5 gxf5 18. Bd2 e4 19. Nh4 Qb2 20. Rcd1 Rd4 21. c5
Nd5 22. Qe1 Qxa2 23. Be3 Rxd1 24. Qxd1 Nxe3 25. fxe3 Qxb3 26. Qxb3 Bxb3 27.
Nxf5 Bf8 28. Rb1 Bd5 29. Rxb7 a5 30. Nd6 a4 31. Bxe4 Bxe4 32. Nxe4 Bg7 0-1

[Event "4NCL-9899A WG-IK"]
[Site "Rd11-Birmingham"]
[Date "1999.05.03"]
[Round "11.7"]
[White "Lee, Graham"]
[Black "Richards, Heather"]
[Result "1-0"]
[WhiteElo "2319"]
[BlackElo "2085"]
[PlyCount "83"]
[EventDate "1999.05.03"]

1. e4 e6 2. d4 d5 3. e5 c5 4. c3 Nc6 5. Nf3 Bd7 6. a3 c4 7. Bf4 Nge7 8. Nbd2
Na5 9. h4 Nc8 10. h5 h6 11. Qc2 Nb6 12. Rc1 Qc7 13. g4 O-O-O 14. Be2 Kb8 15.
Bg3 Ka8 16. Bh4 Rc8 17. Ng1 Ba4 18. Qb1 Be7 19. Bg3 Be8 20. f4 Na4 21. Bd1 Qb6
22. Bxa4 Bxa4 23. Ngf3 Nb3 24. Nxb3 cxb3 25. O-O Rc7 26. Rf2 Rhc8 27. Kg2 Qa6
28. f5 Rc6 29. f6 gxf6 30. Bh4 Bb5 31. Rd2 Be2 32. Bxf6 Bf8 33. Kf2 Bxf3 34.
Kxf3 Qb5 35. Qd3 Rc4 36. Ke3 Bxa3 37. g5 hxg5 38. h6 Bf8 39. h7 Bh6 40. Rh2 Qa5
41. Rxh6 a6 42. h8=Q 1-0

[Event "4NCL-9899A WG-IK"]
[Site "Rd11-Birmingham"]
[Date "1999.05.03"]
[Round "11.8"]
[White "Howell, Chris"]
[Black "Jackson, Sheila"]
[Result "1/2-1/2"]
[WhiteElo "2158"]
[BlackElo "2168"]
[PlyCount "34"]
[EventDate "1999.05.03"]

1. c4 e5 2. g3 Nc6 3. Bg2 g6 4. Nc3 Bg7 5. d3 d6 6. Nf3 f5 7. Rb1 a5 8. a3 Nf6
9. b4 axb4 10. axb4 O-O 11. O-O h6 12. b5 Nd4 13. e3 Nxf3+ 14. Bxf3 Rb8 15. Qa4
Be6 16. Nd5 Ra8 17. Nxf6+ Bxf6 1/2-1/2

[Event "4NCL-9899B GD-BCCA"]
[Site "Rd1-Warwick"]
[Date "1998.10.24"]
[Round "1.1"]
[White "Varley, Peter"]
[Black "Gough, Michael"]
[Result "1-0"]
[WhiteElo "2290"]
[BlackElo "2216"]
[PlyCount "71"]
[EventDate "1998.10.24"]
[SourceDate "1998.10.28"]

1. e4 e6 2. d4 d5 3. Nc3 Bb4 4. e5 Qd7 5. Bd2 b6 6. Nce2 Bxd2+ 7. Qxd2 Ba6 8.
g3 c5 9. c3 Nc6 10. Bh3 Nge7 11. Kf1 O-O-O 12. Kg2 Kb8 13. b4 cxb4 14. cxb4 Nf5
15. Rb1 Nce7 16. Nc3 h5 17. b5 Bb7 18. Nf3 Rc8 19. Rhc1 Nh6 20. a4 Rc4 21. Kg1
Nef5 22. Bf1 h4 23. a5 hxg3 24. fxg3 Qe7 25. axb6 axb6 26. Ra1 Rhc8 27. Qa2
R8c7 28. Qa7+ Kc8 29. Bxc4 dxc4 30. Na4 Kd8 31. Nxb6 Qb4 32. Qb8+ Bc8 33. Nxc8
Rxc8 34. Qb6+ Ke8 35. Qb7 Rd8 36. Qc6+ 1-0

[Event "4NCL-9899B GD-BCCA"]
[Site "Rd1-Warwick"]
[Date "1998.10.24"]
[Round "1.3"]
[White "Fletcher, John"]
[Black "Toothill, John"]
[Result "0-1"]
[WhiteElo "2100"]
[BlackElo "2088"]
[PlyCount "62"]
[EventDate "1998.10.24"]
[SourceDate "1998.10.28"]

1. d4 Nf6 2. Nc3 d5 3. e4 dxe4 4. f3 Bf5 5. g4 Bg6 6. Bg5 c6 7. f4 e6 8. Nge2
Nbd7 9. Bg2 Qa5 10. Ng3 h5 11. h3 h4 12. Nge2 Nd5 13. f5 Nxc3 14. Nxc3 exf5 15.
gxf5 Qxf5 16. Qd2 Rh5 17. Nxe4 f6 18. Bf4 O-O-O 19. O-O-O Qa5 20. Kb1 Bf7 21.
a3 Qxd2 22. Rxd2 Bd5 23. Re1 b6 24. Bh2 f5 25. Nd6+ Bxd6 26. Bxd6 Nf6 27. Be7
Re8 28. Re5 Nd7 29. Re1 g5 30. Bxd5 cxd5 31. Rf2 g4 0-1

[Event "4NCL-9899B GD-BCCA"]
[Site "Rd1-Warwick"]
[Date "1998.10.24"]
[Round "1.4"]
[White "Hall, RVM."]
[Black "Gilbert, Jon"]
[Result "0-1"]
[WhiteElo "2120"]
[BlackElo "2100"]
[PlyCount "82"]
[EventDate "1998.10.24"]
[SourceDate "1998.10.28"]

1. f4 c5 2. Nf3 Nc6 3. d3 d5 4. e3 Bg4 5. Be2 e6 6. O-O Bxf3 7. Bxf3 Nf6 8. c3
Be7 9. Nd2 O-O 10. e4 dxe4 11. dxe4 e5 12. Qe2 Qc7 13. Nc4 Rad8 14. g3 Rfe8 15.
fxe5 Nxe5 16. Nxe5 Qxe5 17. Bf4 Qe6 18. e5 Nd5 19. c4 Nxf4 20. gxf4 Rd4 21. Bd5
Qh6 22. Qg4 Rd2 23. Rf2 Rxf2 24. Kxf2 Qxh2+ 25. Ke3 Bh4 26. Rh1 Qf2+ 27. Kd3
Qg3+ 28. Qxg3 Bxg3 29. Ke4 g5 30. Kf3 Bxf4 31. Be4 Rxe5 32. Bxh7+ Kg7 33. Be4
f5 34. Bxb7 Re3+ 35. Kf2 Rd3 36. Rb1 g4 37. b4 Rd2+ 38. Kf1 cxb4 39. Rxb4 g3
40. a4 Rf2+ 41. Ke1 Bd2+ 0-1

[Event "4NCL-9899B GD-BCCA"]
[Site "Rd1-Warwick"]
[Date "1998.10.24"]
[Round "1.5"]
[White "Brickman, Simon"]
[Black "Waters, Clive"]
[Result "1-0"]
[WhiteElo "1980"]
[BlackElo "2160"]
[PlyCount "51"]
[EventDate "1998.10.24"]
[SourceDate "1998.10.28"]

1. e4 e6 2. d4 d5 3. Nd2 Nf6 4. Bd3 dxe4 5. Nxe4 Nbd7 6. Nf3 c5 7. O-O cxd4 8.
Nxd4 Nxe4 9. Bxe4 Nc5 10. Bf3 Be7 11. b4 Nd7 12. Rb1 O-O 13. Qe2 Bf6 14. Rd1
Qe7 15. c4 Ne5 16. Be4 Rd8 17. Be3 Ng6 18. Nb5 Rxd1+ 19. Rxd1 Be5 20. Bc5 Qg5
21. Qd2 Qxd2 22. Rxd2 f5 23. Bf3 a6 24. Rd8+ Kf7 25. Na7 Ne7 26. Nxc8 1-0

[Event "4NCL-9899B GD-BCCA"]
[Site "Rd1-Warwick"]
[Date "1998.10.24"]
[Round "1.6"]
[White "Phillips, David A"]
[Black "Walden-Jones, Andrew"]
[Result "0-1"]
[WhiteElo "2000"]
[BlackElo "1965"]
[PlyCount "98"]
[EventDate "1998.10.24"]
[SourceDate "1998.10.28"]

1. e4 c6 2. d4 d5 3. Nc3 dxe4 4. f3 exf3 5. Nxf3 Nf6 6. Bd3 Bg4 7. h3 Bxf3 8.
Qxf3 e6 9. Bg5 Qxd4 10. O-O-O Qe5 11. Bf4 Qa5 12. Rhf1 Bb4 13. Bd2 Nbd7 14. a3
Bxc3 15. Bxc3 Qc7 16. g4 Ne5 17. Qg3 Nxd3+ 18. Qxd3 O-O 19. Bxf6 gxf6 20. Rxf6
Qe5 21. Qf3 Rad8 22. Rf1 Rd7 23. h4 Qd5 24. Qxd5 Rxd5 25. g5 Rd4 26. R1f4 Rfd8
27. b3 Rxf4 28. Rxf4 Kg7 29. Kb2 Rd5 30. c4 Rd7 31. Kc3 h6 32. Rg4 hxg5 33.
hxg5 Kg6 34. a4 Kf5 35. Rg1 c5 36. b4 cxb4+ 37. Kxb4 e5 38. Kc5 e4 39. a5 Ke5
40. g6 fxg6 41. Rxg6 Rc7+ 42. Kb4 Kd4 43. Rd6+ Ke3 44. c5 Ke2 45. Re6 e3 46.
Kb5 Kd2 47. Rd6+ Ke1 48. Re6 e2 49. Re5 Rf7 0-1

[Event "4NCL-9899B GD-BCCA"]
[Site "Rd1-Warwick"]
[Date "1996.10.24"]
[Round "1.7"]
[White "Batey, Richard"]
[Black "Hardman, Michael"]
[Result "0-1"]
[WhiteElo "2045"]
[BlackElo "1928"]
[PlyCount "48"]
[EventDate "1998.10.24"]
[SourceDate "1998.10.28"]

1. b3 e5 2. Bb2 d6 3. e3 Nf6 4. d4 e4 5. Nd2 d5 6. Ne2 Bd6 7. Ng3 O-O 8. Be2
Re8 9. Nb1 c6 10. Qd2 Be6 11. Nc3 Nbd7 12. O-O Nf8 13. Bd1 Ng6 14. Re1 Ng4 15.
Bxg4 Bxg4 16. Rf1 Nh4 17. h3 Bf3 18. Nf5 Nxf5 19. gxf3 exf3 20. Ne2 fxe2 21.
Qxe2 Re6 22. Kh1 Qh4 23. Qg4 Qxg4 24. hxg4 Nh4 0-1

[Event "4NCL-9899B GD-BCCA"]
[Site "Rd1-Warwick"]
[Date "1998.10.24"]
[Round "1.8"]
[White "Barnes, Lara"]
[Black "Gale, Helen"]
[Result "1/2-1/2"]
[WhiteElo "1608"]
[BlackElo "1445"]
[PlyCount "108"]
[EventDate "1998.10.24"]
[SourceDate "1998.10.28"]

1. e4 e5 2. Nf3 Nc6 3. d4 exd4 4. Nxd4 Qh4 5. Nc3 Bb4 6. Nxc6 Bxc3+ 7. bxc3
Qxe4+ 8. Qe2 Qxe2+ 9. Bxe2 bxc6 10. Bf4 d6 11. Rb1 Ne7 12. O-O Nd5 13. Bd2 O-O
14. Bf3 Bf5 15. c4 Nb6 16. Bxc6 Rab8 17. c5 dxc5 18. Rb5 Nc4 19. Rxb8 Rxb8 20.
Bf4 Bxc2 21. Re1 Rb1 22. Rxb1 Bxb1 23. Bxc7 Bxa2 24. Kf1 Kf8 25. Ke1 Bb3 26.
Bb5 Ke7 27. Bb8 a5 28. Bf4 a4 29. Bxc4 Bxc4 30. Be5 a3 31. Kd2 f6 32. Ba1 Bb3
33. Bc3 a2 34. Bb2 Bd5 35. g3 Ke6 36. Kd3 Kf5 37. h4 g6 38. Ke3 h5 39. f4 g5
40. hxg5 fxg5 41. fxg5 Kxg5 42. Bc3 Bb3 43. Bb2 Kf5 44. Bc3 {(draw offer)} Kg4
45. Kf2 h4 46. gxh4 Kxh4 47. Ke3 Kg4 48. Ba1 Kf5 49. Kd2 Ke4 50. Bb2 Kd5 51.
Kc3 c4 52. Ba1 Kc5 53. Bb2 Kb5 54. Ba1 Ka5 1/2-1/2

[Event "4NCL-9899B GUI-COU"]
[Site "Rd1-Warwick"]
[Date "1998.10.24"]
[Round "1.1"]
[White "Kinsman, Andrew"]
[Black "Houska, Miroslav"]
[Result "1-0"]
[WhiteElo "2385"]
[BlackElo "2370"]
[PlyCount "65"]
[EventDate "1998.10.24"]
[SourceDate "1998.10.28"]

1. d4 d5 2. c4 e6 3. Nf3 c5 4. cxd5 exd5 5. g3 Nc6 6. Bg2 Nf6 7. O-O Be7 8. Nc3
O-O 9. b3 cxd4 10. Nxd4 Qa5 11. Bb2 Bg4 12. h3 Be6 13. e3 Rfe8 14. a3 Rad8 15.
Nce2 Qb6 16. Nf4 Na5 17. Qd3 Bc8 18. Rfd1 g5 19. Nfe2 Ne4 20. Rac1 Qf6 21. Rf1
Bd6 22. Rc2 Qg6 23. Rd1 b6 24. Nf3 h6 25. Ned4 Kh7 26. Nb5 Ba6 27. Nfd4 Be5 28.
b4 Bxb5 29. Qxb5 Nc4 30. Nc6 Bxb2 31. Nxd8 Ned6 32. Qxd5 Qxc2 33. Nxf7 {time}
1-0

[Event "4NCL-9899B GUI-COU"]
[Site "Rd1-Warwick"]
[Date "1998.10.24"]
[Round "1.2"]
[White "Harley, Andrew"]
[Black "Povah, Nigel"]
[Result "1-0"]
[WhiteElo "2305"]
[BlackElo "2325"]
[PlyCount "163"]
[EventDate "1998.10.24"]
[SourceDate "1998.10.28"]

1. e4 d5 2. exd5 Nf6 3. d4 Bg4 4. Bb5+ Nbd7 5. f3 Bf5 6. c4 e6 7. dxe6 Bxe6 8.
d5 Bf5 9. Nc3 Bb4 10. Nge2 O-O 11. Bxd7 Nxd7 12. O-O Ne5 13. Nf4 Bc5+ 14. Kh1
Nxc4 15. Ne4 Bb6 16. Qb3 Nd6 17. Ng3 Re8 18. Bd2 Qh4 19. Qc3 Bg6 20. Rad1 Re7
21. Qc1 h6 22. b3 Re5 23. Nxg6 fxg6 24. Bf4 Re7 25. Bxd6 cxd6 26. Ne4 Re5 27.
Qd2 Rd8 28. a4 a5 29. Rc1 Kh7 30. Rc4 Qh5 31. Rd1 Rf8 32. Ng3 Be3 33. Qd3 Qg5
34. Ne4 Rxe4 35. Qxe4 Bf4 36. g3 Be5 37. f4 Qh5 38. Re1 Bf6 39. Kg2 Rf7 40. Qf3
Qf5 41. Qe4 Qh5 42. Qd3 Qf5 43. Qxf5 gxf5 44. Re8 Rd7 45. Rcc8 b6 46. Rb8 Bd4
47. Rbd8 Rc7 48. Rh8+ Kg6 49. Rxd6+ Kf7 50. Rc6 Rd7 51. d6 Ke6 52. Rhc8 Rxd6
53. Rxd6+ Kxd6 54. Kf3 Kd7 55. Rc2 Kd6 56. Ke2 Kd5 57. Kd3 Bc5 58. Re2 Bd4 59.
Re7 Bf6 60. Rb7 Kc6 61. Rf7 Kc5 62. Rc7+ Kd5 63. Rc8 Bb2 64. h3 Bf6 65. g4 fxg4
66. hxg4 Be7 67. Rc4 Bf6 68. Re4 Bb2 69. b4 Bf6 70. b5 Bb2 71. Rc4 Bf6 72. Rc6
Bd4 73. f5 Bc5 74. Rc7 Bf8 75. Rf7 Bd6 76. Rxg7 Bf4 77. Rg6 Bg5 78. Rxb6 Kc5
79. Rc6+ Kd5 80. f6 Bh4 81. f7 Be7 82. Rc8 1-0

[Event "4NCL-9899B GUI-COU"]
[Site "Rd1-Warwick"]
[Date "1998.10.24"]
[Round "1.3"]
[White "Thompson, Ian"]
[Black "Wall, Tim"]
[Result "1/2-1/2"]
[WhiteElo "2285"]
[BlackElo "2370"]
[PlyCount "105"]
[EventDate "1998.10.24"]
[SourceDate "1998.10.28"]

1. c4 b6 2. Nc3 Bb7 3. e4 e6 4. Nf3 c5 5. Bd3 d6 6. O-O Nf6 7. Re1 Be7 8. Bc2
O-O 9. d4 cxd4 10. Nxd4 a6 11. b3 Nbd7 12. Bb2 Rc8 13. Qe2 Re8 14. Rad1 g6 15.
Bb1 Qc7 16. Nc2 Bf8 17. Ne3 Rcd8 18. Ng4 Bg7 19. Nxf6+ Nxf6 20. Qe3 d5 21. Na4
dxc4 22. bxc4 Rxd1 23. Rxd1 Qxc4 24. Nxb6 Qb5 25. Bxf6 Bxf6 26. Nd7 Bg7 27. Nc5
Bc6 28. Bd3 Qb2 29. Bxa6 Qxa2 30. Qd3 Rb8 31. Bc4 Qb2 32. Qd6 Qb6 33. Nd7 Bxd7
34. Qxb6 Rxb6 35. Rxd7 Rb1+ 36. Bf1 Be5 37. g3 g5 38. h3 Re1 39. Kg2 Rxe4 40.
Bb5 Rb4 41. Be2 Kg7 42. Bh5 Bd4 43. Rxf7+ Kh6 44. Bg4 Rb2 45. Bxe6 Kg6 46. Rf3
h6 47. Bf7+ Kg7 48. Bc4 Rc2 49. Bd3 Rd2 50. Bb5 Rb2 51. Be8 Rb8 52. Bh5 Rf8 53.
Rxf8 1/2-1/2

[Event "4NCL-9899B GUI-COU"]
[Site "Rd1-Warwick"]
[Date "1998.10.24"]
[Round "1.4"]
[White "Swanson, Stephen"]
[Black "Anderton, Matthew"]
[Result "1-0"]
[WhiteElo "2260"]
[BlackElo "2260"]
[PlyCount "99"]
[EventDate "1998.10.24"]
[SourceDate "1998.10.28"]

1. e4 e6 2. d4 d5 3. e5 c5 4. c3 Qb6 5. Nf3 Nc6 6. a3 Nh6 7. Bd3 cxd4 8. O-O g6
9. cxd4 Bg7 10. b4 O-O 11. Be3 f6 12. b5 Na5 13. Qa4 Bd7 14. exf6 Rxf6 15. Ne5
Be8 16. Bd2 Nc4 17. Nxc4 dxc4 18. Qxc4 Nf5 19. Nc3 Qxd4 20. Ne4 Rf8 21. Qxd4
Nxd4 22. Rab1 Rd8 23. Bc4 Bf7 24. Bb4 e5 25. Bd3 Rfe8 26. Nd6 Rxd6 27. Bxd6 e4
28. b6 axb6 29. Bb5 Nxb5 30. Rxb5 Bc4 31. Rxb6 Bxf1 32. Kxf1 Rd8 33. Bb4 Rd7
34. Re6 Kf7 35. Rxe4 Bd4 36. Ke2 Bf6 37. Rc4 Be5 38. h3 Bf6 39. Rc8 Be5 40. f4
Bf6 41. g4 Bd8 42. Ke3 Rd5 43. Ke4 Rd7 44. Rc5 Bc7 45. Rb5 Bb8 46. Bc5 Kf6 47.
a4 h6 48. a5 Kf7 49. a6 Ba7 50. Rxb7 1-0

[Event "4NCL-9899B GUI-COU"]
[Site "Rd1-Warwick"]
[Date "1998.10.24"]
[Round "1.5"]
[White "James, Russell"]
[Black "Ledger, David"]
[Result "1-0"]
[WhiteElo "2155"]
[BlackElo "2220"]
[PlyCount "101"]
[EventDate "1998.10.24"]
[SourceDate "1998.10.28"]

1. e4 e5 2. Nf3 Nc6 3. Bb5 a6 4. Ba4 Nf6 5. d4 exd4 6. O-O Be7 7. e5 Ne4 8.
Nxd4 Nxd4 9. Qxd4 Nc5 10. Nc3 O-O 11. Be3 Nxa4 12. Qxa4 d6 13. Rad1 Bd7 14. Qd4
Bc6 15. Bf4 dxe5 16. Qxe5 Bd6 17. Qd4 Bxf4 18. Qxf4 Qc8 19. Rfe1 Re8 20. Rxe8+
Qxe8 21. Qxc7 h6 22. Qd6 Rc8 23. h3 Kh8 24. Kh2 f6 25. Rd2 Qe1 26. Re2 Qa1 27.
Re7 Qxb2 28. Qg3 Rg8 29. Ne2 Qxc2 30. Nf4 Kh7 31. Ne6 Qg6 32. Rxg7+ Qxg7 33.
Nxg7 Rxg7 34. Qd3+ Kh8 35. g4 h5 36. f3 hxg4 37. hxg4 Rd7 38. Qg6 Rd6 39. Qf7
Rd7 40. Qf8+ Kh7 41. Qxf6 Kg8 42. g5 Rf7 43. Qg6+ Kf8 44. f4 a5 45. f5 Be4 46.
Qd6+ Kg8 47. Qg6+ Kf8 48. Qh6+ Kg8 49. g6 Rg7 50. Qf4 Bb1 51. Qb8# 1-0

[Event "4NCL-9899B GUI-COU"]
[Site "Rd1-Warwick"]
[Date "1998.10.24"]
[Round "1.6"]
[White "Rosen, Daniel"]
[Black "Taylor, Mark"]
[Result "1-0"]
[WhiteElo "2235"]
[BlackElo "2064"]
[PlyCount "67"]
[EventDate "1998.10.24"]
[SourceDate "1998.10.28"]

1. e4 e6 2. d4 d5 3. Nc3 Bb4 4. Nge2 dxe4 5. a3 Be7 6. Nxe4 Nf6 7. Qd3 O-O 8.
Bf4 Nc6 9. O-O-O Nd5 10. h4 f5 11. N4c3 Nxf4 12. Nxf4 Bd6 13. Qe3 Qf6 14. Bc4
Re8 15. g3 Bd7 16. Rhe1 Nd8 17. Nd3 Nf7 18. Nc5 Bxc5 19. dxc5 Rad8 20. f4 Kh8
21. c6 Bxc6 22. Rxd8 Nxd8 23. Qxa7 Nf7 24. Qe3 Nd6 25. Bb3 Ne4 26. Nxe4 Bxe4
27. Rd1 h6 28. Qc5 Qe7 29. Qe5 Kh7 30. Ba4 c6 31. Bb3 Bd5 32. c4 Be4 33. Rd6
Kg6 34. c5 1-0

[Event "4NCL-9899B GUI-COU"]
[Site "Rd1-Warwick"]
[Date "1998.10.24"]
[Round "1.7"]
[White "Punnett, Alan"]
[Black "Ledger, Stephen"]
[Result "1/2-1/2"]
[WhiteElo "2140"]
[BlackElo "2175"]
[PlyCount "193"]
[EventDate "1998.10.24"]
[SourceDate "1998.10.28"]

1. d4 Nf6 2. c4 c5 3. d5 b5 4. cxb5 a6 5. bxa6 Bxa6 6. Nc3 g6 7. Nf3 Bg7 8. e3
Bxf1 9. Kxf1 O-O 10. h3 Qb6 11. Kg1 e6 12. e4 Na6 13. dxe6 dxe6 14. Kh2 Rfd8
15. Qe2 Nb4 16. Be3 Qc7+ 17. g3 Nd3 18. Rad1 c4 19. Ne1 Nxb2 20. Rxd8+ Rxd8 21.
Qxb2 Nxe4 22. Qb6 Qxb6 23. Bxb6 Rd6 24. Nxe4 Rxb6 25. Nf3 Rb2 26. Kg2 Rxa2 27.
Rc1 f5 28. Nc5 e5 29. Rxc4 e4 30. Nd4 e3 31. Nc2 exf2 32. Kxf2 h5 33. Kf3 g5
34. Ne6 Bh6 35. Rc5 g4+ 36. hxg4 hxg4+ 37. Ke2 Kf7 38. Ned4 Kg6 39. Rc6+ Kg5
40. Kd3 Ra5 41. Ne3 Ra3+ 42. Rc3 Rxc3+ 43. Kxc3 Bg7 44. Nexf5 Be5 45. Kd3 Bxg3
46. Nxg3 Kf4 47. Ndf5 Ke5 48. Kc4 Ke6 49. Kd4 Kd7 50. Kd5 Kc7 51. Nd4 Kd7 52.
Nc6 Kc7 53. Ne5 Kb7 54. Nc4 Kc7 55. Kc5 Kd7 56. Kb6 Ke7 57. Kc7 Ke6 58. Kc6 Ke7
59. Ne5 Ke6 60. Nd3 Ke7 61. Nf4 Kd8 62. Nd5 Kc8 63. Ne7+ Kb8 64. Kb6 Ka8 65.
Kc7 Ka7 66. Nc8+ Ka6 67. Kc6 Ka5 68. Nd6 Ka6 69. Nb5 Ka5 70. Nc7 Kb4 71. Na6+
Ka5 72. Nc5 Kb4 73. Nb7 Kc4 74. Na5+ Kb4 75. Kb6 Ka4 76. Nc6 Kb3 77. Kb5 Kc3
78. Kc5 Kb3 79. Kd4 Ka4 80. Kc4 Ka3 81. Na5 Ka4 82. Nb7 Ka3 83. Nc5 Kb2 84. Kd3
Ka2 85. Kc2 Ka3 86. Kc3 Ka2 87. Na4 Ka3 88. Nb6 Ka2 89. Nc4 Kb1 90. Na3+ Ka2
91. Nc2 Kb1 92. Nd4 Ka2 93. Nb5 Kb1 94. Kb3 Kc1 95. Kc3 Kb1 96. Nd6 Ka2 97. Nc4
1/2-1/2

[Event "4NCL-9899B GUI-COU"]
[Site "Rd1-Warwick"]
[Date "1998.10.24"]
[Round "1.8"]
[White "Turvey, Syringa"]
[Black "Ashby, Ann-Marie"]
[Result "0-1"]
[WhiteElo "1568"]
[BlackElo "2090"]
[PlyCount "64"]
[EventDate "1998.10.24"]
[SourceDate "1998.10.28"]

1. e4 e6 2. d4 d5 3. Nc3 Nf6 4. e5 Nfd7 5. Qh5 c5 6. Nf3 Be7 7. Nb5 a6 8. Ng5
g6 9. Qf3 O-O 10. Nd6 Bxg5 11. Bxg5 Qxg5 12. h4 Qe7 13. h5 cxd4 14. Qg3 Nc6 15.
f4 Nc5 16. a3 b5 17. Be2 Ne4 18. Qh3 Ra7 19. hxg6 fxg6 20. Nxc8 Rxc8 21. Bd3
Nd8 22. g4 b4 23. f5 Qg5 24. Qg2 gxf5 25. axb4 Qe3+ 26. Qe2 Qg3+ 27. Kd1 Nf2+
28. Kd2 Qf4+ 29. Ke1 Nxh1 30. gxf5 Ng3 31. Qg2 Qxe5+ 32. Kf2 Qe3# 0-1

[Event "4NCL-9899B IK2-BR2"]
[Site "Rd1-Warwick"]
[Date "1998.10.24"]
[Round "1.1"]
[White "Bibby, Simon"]
[Black "McFarland, Robert"]
[Result "1/2-1/2"]
[WhiteElo "2210"]
[BlackElo "2240"]
[PlyCount "46"]
[EventDate "1998.10.24"]
[SourceDate "1998.10.28"]

1. e4 g6 2. d4 Bg7 3. Nc3 d6 4. Be3 a6 5. Qd2 Nd7 6. Nf3 b5 7. Bd3 Bb7 8. a4 b4
9. Ne2 a5 10. O-O Ngf6 11. Bh6 Bxh6 12. Qxh6 Bxe4 13. Bxe4 Nxe4 14. d5 Nb6 15.
Ned4 Nxd5 16. Qg7 Rf8 17. Rfe1 Ndf6 18. Nc6 Qd7 19. Nfd4 Rg8 20. Qh6 e5 21. f3
exd4 22. Nxd4 O-O-O 23. fxe4 Ng4 1/2-1/2

[Event "4NCL-9899B IK2-BR2"]
[Site "Rd1-Warwick"]
[Date "1998.10.24"]
[Round "1.2"]
[White "Jakubovics, Nick"]
[Black "Griffiths, Paul V"]
[Result "0-1"]
[WhiteElo "2210"]
[BlackElo "2200"]
[PlyCount "48"]
[EventDate "1998.10.24"]
[SourceDate "1998.10.28"]

1. e4 e5 2. Nf3 Nc6 3. d4 exd4 4. Nxd4 Nf6 5. Nxc6 bxc6 6. e5 Qe7 7. Qe2 Nd5 8.
c4 Nb6 9. Nc3 Bb7 10. Bd2 g6 11. O-O-O Bg7 12. f4 O-O-O 13. Ne4 Rhe8 14. c5 Nd5
15. Qc4 f6 16. Qa4 Kb8 17. Ba6 Bxa6 18. Qxa6 fxe5 19. Rhe1 Ka8 20. Be3 Nxe3 21.
Rxe3 Rb8 22. Rdd3 exf4 23. Nd6 Bxb2+ 24. Kc2 fxe3 0-1

[Event "4NCL-9899B IK2-BR2"]
[Site "Rd1-Warwick"]
[Date "1998.10.24"]
[Round "1.3"]
[White "Cooper, Andrew G"]
[Black "Player, Edmund"]
[Result "1/2-1/2"]
[WhiteElo "2145"]
[BlackElo "2110"]
[PlyCount "57"]
[EventDate "1998.10.24"]
[SourceDate "1998.10.28"]

1. d4 e6 2. c4 d5 3. Nc3 dxc4 4. Nf3 Nf6 5. g3 a6 6. Bg5 Be7 7. Bg2 O-O 8. Ne5
h6 9. Be3 Nd5 10. Nxc4 Nc6 11. Nxd5 exd5 12. Nd2 Bf5 13. Qb3 Bf6 14. Nf3 Be4
15. O-O Na5 16. Qc3 Nc4 17. b3 Nxe3 18. Qxe3 c5 19. Rac1 cxd4 20. Nxd4 Re8 21.
Nf3 Bg5 22. Nxg5 Bxg2 23. Qd3 Bxf1 24. Qh7+ Kf8 25. Qh8+ Ke7 26. Qxg7 hxg5 27.
Qe5+ Kf8 28. Qh8+ Ke7 29. Qe5+ 1/2-1/2